[Event "Asia-ch U18 Girls"]
[Site "Tagaytay City"]
[Date "2024.10.14"]
[Round "3"]
[White "Mendoza, Jemaicah Yap"]
[Black "Singgih, Diajeng Theresa"]
[Result "1-0"]
[WhiteElo "1819"]
[BlackElo "1870"]
[PlyCount "103"]
[EventDate "2024.10.13"]
[EventType "swiss"]
[EventRounds "9"]
[EventCountry "PHI"]
[SourceTitle "CB43_2024"]
[Source "Chessbase"]
[SourceDate "2024.10.23"]
[SourceVersion "1"]
[SourceVersionDate "2024.10.23"]
[SourceQuality "1"]

1. e4 e5 2. Nc3 Nc6 3. Bc4 Bc5 4. Qg4 g6 5. Qf3 Nf6 6. Nge2 0-0 7. d3 Na5 8. Bh6 Re8 9. Nd5 Be7 10. Nxe7+ Qxe7 11. h4 Nxc4 12. dxc4 d5 13. Bg5 Qb4+ 14. Qc3 Qxc3+ 15. Nxc3 Nxe4 16. Nxd5 Rf8 17. Nxc7 Nxg5 18. hxg5 Rb8 19. Nd5 Kg7 20. 0-0-0 Be6 21. Rh6 f5 22. Rdh1 Rh8 23. Nf6 Bg8 24. Rd1 Be6 25. Rd6 Kf7 26. Nd7 Bxd7 27. Rxd7+ Ke6 28. Rhxh7 Rxh7 29. Rxh7 f4 30. Kd2 Kf5 31. Ke2 Kxg5 32. b4 e4 33. Rc7 Kf5 34. c5 a6 35. a4 g5 36. c4 g4 37. g3 fxg3 38. fxg3 b6 39. c6 a5 40. b5 Rd8 41. Rd7 Rh8 42. Ke3 Ke6 43. Kxe4 Rh5 44. Rd5 Rh7 45. Kf4 Rg7 46. Rd8 Rf7+ 47. Kxg4 Rg7+ 48. Kf3 Rf7+ 49. Kg2 Rg7 50. c5 bxc5 51. b6 c4 52. c7 1-0

[Event "Asia-ch U18 Girls"]
[Site "Tagaytay City"]
[Date "2024.10.13"]
[Round "1"]
[White "Sultanbek, Zeinep"]
[Black "Mendoza, Jemaicah Yap"]
[Result "1/2-1/2"]
[WhiteElo "2150"]
[BlackElo "1819"]
[PlyCount "83"]
[EventDate "2024.10.13"]
[EventType "swiss"]
[EventRounds "9"]
[EventCountry "PHI"]
[SourceTitle "CB43_2024"]
[Source "Chessbase"]
[SourceDate "2024.10.23"]
[SourceVersion "1"]
[SourceVersionDate "2024.10.23"]
[SourceQuality "1"]

1. Nf3 d5 2. g3 Nf6 3. Bg2 e6 4. 0-0 Bd6 5. d4 0-0 6. c4 c6 7. Nc3 Nbd7 8. Nd2 Re8 9. e4 dxe4 10. Ndxe4 Be7 11. Be3 Nxe4 12. Nxe4 Nf6 13. Qc2 Qa5 14. Rad1 Rd8 15. Bg5 Qc7 16. Nxf6+ Bxf6 17. Bxf6 gxf6 18. Rfe1 f5 19. Qc3 a5 20. Qe3 f6 21. f4 Ra6 22. d5 cxd5 23. cxd5 Rad6 24. Rc1 Qf7 25. dxe6 Bxe6 26. b3 a4 27. bxa4 Bxa2 28. Qe7 Qxe7 29. Rxe7 Rd1+ 30. Rxd1 Rxd1+ 31. Kf2 Bb3 32. a5 Ra1 33. Rxb7 Ra2+ 34. Ke3 Bf7 35. Bc6 Rxa5 36. Rb5 Ra3+ 37. Kd4 Ra4+ 38. Kc5 Ra2 39. Bd5 Bxd5 40. Kxd5 Rxh2 41. Ke6 Kg7 42. Rxf5 1/2-1/2